000 00332nam a2200121Ia 4500
008 220216s9999 xx 000 0 und d
100 _aChung Gait Fee
245 0 _aBioefficacy of herbicides for weed control in immature rubber
650 _aBioefficacy
650 _aHerbicides
650 _aImmature rubber planting
942 _cJS
999 _c54768
_d54768